Quizzes
Events
Quiz Creation
Community
Videos
Private Events
Remove Ads
Sign In
Join for FREE
Feedback
Dark Mode
Quiz Categories
Sports
Geography
Music
Movies
Television
Just For Fun
Miscellaneous
History
Literature
Language
Science
Gaming
Entertainment
Religion
Holiday
For Kids
Quiz Lab
Recent
Popular Today
Quiz Kudos Today
Editor Picks
Curator Picks
Quizzes by...
Day
Popularity
Type
Ratings
Length
Year
Community
Subscriptions
Recent Discussions
Orange Saloon
Badges
Playlists
Quests
Create
Leaderboards
Showdown
Live 5
Trivia Bingo
Activity
Puzzle Library
Sporcle Events
Private Events
Virtual Trivia
Globe League
Become a Host
Pub Owners
SporcleCon
Opinionation
Our Games
Videos
Blog
Mobile Apps
Partnerships
Remove Ads and Go Orange
Feedback
Television
TV Characters
TV Show
Sitcom
Network
Friends
Reality Shows
Cast
South Park
Star Trek
The Simpsons
Doctor Who
Television
TV Characters
TV Show
Sitcom
Network
Friends
Reality Shows
Cast
South Park
Star Trek
The Simpsons
Doctor Who
Random Quiz
Search Sporcle
×
Quiz Lab
Quiz Lab
Television
scrub
Type in answers that appear in a list
Type in answers that appear in a list
Classic
Best Score? Go Orange.
Extremely Difficult Scrubs Trivia Stats
Can you name the Extremely Difficult Scrubs Trivia Questions?
By
shatzikoutelis
6m
37 Questions
1,653 Plays
1,653 Plays
1,653 Plays
Comments
Comments
Give Quiz Kudos
Give Quiz Kudos
-
- Ratings
hide this ad
Replay
Link that replays current quiz
Next Quiz
Link to next quiz in quiz playlist
You Got
0%
They Got
Avg Score
28%
Avg Friend Score
Upgrade to see
Score Distribution
Jump to the score distribution portion of the page
Score
0/37
Timer
06:00
0
Plays Today
Question
Answer
% Correct
What is Dr. Cox's favorite sports team?
Detroit Red Wings and New York Giants
58.9%
How many sisters does Carla have?
2
57.4%
What city did Carla grow up in?
Chicago
56.4%
Who gave J.D. his Toyota Prius?
Dan
54.6%
What is Dr. Kelso's gay son's name?
Harrison
52%
What real-
life movie did Janitor act in?
The Fugitive
46.8%
What is Turk's full name?
Christopher Duncan Turk
46.6%
How many times had Dr. Kelso been sued?
10 times
45.6%
What is Dr. Cox's real full name?
Percival Ulysses Cox
45.3%
What is Dr. Beardface's first name?
Seymour
43.3%
What is J.D.'s middle name?
Michael
39.1%
What was the name of Carla and Turk's wedding song?
Eight Days a Week
38.1%
How long before Carla and Turk met was Carla in medicine?
8 years
37.3%
What was the Janitor, The Todd, and Ted's newspaper called?
The Janitorial
33.5%
What fraction Japanese is Turk?
1/8
33.3%
What was Elliot's housemaid's name?
Consuela
33.2%
What did the Janitor tell J.D. his real name was?
Glen Matthews
33.2%
What college/
university did Elliot attend?
Brown University
32.1%
What is Colonel Doctor's real full name?
Coleman Slawski
27.8%
Question
Answer
% Correct
What is Portly Island Boy's real name?
Rex
27.3%
What does CDC stand for?
Crying Drunk Chick or Chief Doctor Cox
24.9%
What is J.D. and Kim's son's full name?
Sam Perry Gilligan Dorian
22.4%
What girl's name was J.D. called by his parents until he was 3 years old?
Joanna
21.9%
What is Fun-
Sized Intern's real name?
Josephine
18.9%
What is Elliot's pager ringtone?
That's the way I like it
17%
What kind of car was Maalik?
Volvo
16.4%
What college/
univeristy did Dr. Kelso attend?
Stanford University
14.9%
What was the name of the testicle Turk had removed?
Lamont
12.1%
What is Elliot's cell phone ringtone?
Jesus Take the Wheel
10.3%
What is J.D.'s mom's first name?
Barbara
9.8%
What is Turk allergic to?
Shellfish
8.3%
What city is Sacred Heart located in?
San DiFrangeles
6.5%
What is Turk's cellphone number?
(916)-CALL-TUR
5.5%
What college/
university did Dr. Cox attend?
Hale University
4.9%
What was Dr. Kelso's high score on Pacman?
41,000,000
3.5%
What is Dr. Kelso's Vietnamese son's name?
Thong Tri
2.1%
BONUS: What is Milos' (Turk's Croatian surgical intern) last name?
Radovicnouizicioiuizcinicizich'l
0.7%
Quiz Playlist
Details
Report
Send in Message
Add To Playlist
Classic:
Type in answers that appear in a list
Last Updated: Feb 16, 2017
Quiz Scoreboard
CHALLENGE
Sign Up to Join the Scoreboard
Show All
Scores
Hide
Comments
May contain spoilers
Recently Published
NBA Finals Game Top Scorers (2010s)
by flibbidy
Sports
5m
Guess the 'R' Things in 3 Words
by MSUKent
Miscellaneous
3m
Actor to Badly Drawn Movie III
by MoMosMoProblems
Movies
5m
More to Explore
Quiz From the Vault
Featured Blog Post
Where Does Lost Luggage Go?
hide this ad
You Might Also Like...
Tags
difficult
Extremely
Extremely Difficult
scrub
Scrubs
Today's Top Quizzes in Television
Browse Television
hide this ad
Today's Top Quizzes in scrub
Browse scrub
Top Contributed Quizzes in Television
1
Hidden Simpsons Character
2
First Name TV: Leading Men
3
Hidden Simpsons Character II
4
Hidden Simpsons Character III
5
First Name TV: Leading Women Drama
6
Hidden Simpsons Character IV
7
Hidden Simpsons Character V
8
Hidden Simpsons Character VI
9
Hidden Simpsons Character VII
10
Hidden Simpsons Character VIII
Explore More
Trending Topics
Harry Potter
NBA
Marvel
Crossword
Disney
Anime
Kpop
Song
The Office
Pokémon
WWE
NFL
Soccer
Country
Puzzle
hide this ad
More By:
shatzikoutelis
Quiz
Plays
Rating
Category
Featured
Created
Fighter Jet Names
2,298
3.50
Miscellaneous
May 5, 2010
Extremely Difficult Scrubs Trivia
1,653
5.00
Television
Jun 30, 2010
Movie Title Antonyms
562
2.67
Movies
Apr 27, 2010
Go to Creator's Profile
Score Distribution
Quiz Creator Spotlight
shatzikoutelis
Follow
Send a Message
Quizzes Created
-
Created Quiz Play Count
-
More By This Creator
Popular Quizzes Today
1
Find the US States - No Outlines Minefield
2
Find the US States
3
The Countries of the World
4
10 Largest US States in Order
5
Find the Countries of Europe - No Outlines Minefield
6
US States
7
Guess the 'R' Things in 3 Words
8
NBA Finals Game Top Scorers (2010s)
More Television Quizzes
TV Cartoons by Workplace
Published
Trending Quizzes
First Name TV: Leading Men
Match the Book to the Film II
First Name TV: Leading Women Drama
3-Word Movies in 1 Word II
Match the Book to the Film VI
Recently Updated
Women's Final Four Teams by Year
bhenderson79
Presidents Quartet II
eogle
Anything But Clue(do)
eogle
Anything But Oceanian Capitals
eogle
Anything But 7
eogle
Anything But Thing
eogle
Word Ladder: February 29
pecheneg
Song Title Questions
pecheneg
Women's NCAA Tournament #1 Seeds
pecheneg
Celebrity Mug Shots
pecheneg
Trending Topics
Harry Potter
NBA
Kpop
Disney
Anime
Crossword
Marvel
NFL
Country
WWE
Soccer
Song
Puzzle
Pokémon
The Office
Your Account Isn't Verified!
In order to create a playlist on Sporcle, you need to verify the email address you used during registration. Go to your
Sporcle Settings
to finish the process.
Report this User
Report this user for behavior that violates our
Community Guidelines
.
Details:
Send Report
Go to the Sporcle.com Mobile Site →
Comments